000 01017nam a2200241Ia 4500
999 _c39557
_d39557
001 6156
003 GE_BSU
005 20191223101145.0
008 181216s1973||||ge |||||||||||||| ||geo||
040 _cGE_BSU
041 _ageo
080 _a821.353.1-1 გ-42
100 _aგეწაძე, აკაკი.
_95853
245 _aაფეთქებული დუმილი :
_bლექსები, პოემა /
_cაკაკი გეწაძე ; რედ. რ. მარგიანი ; მხატვ. ტ. შეყილაძე.
264 _aთბილისი :
_bმერანი,
_c1973.
300 _a343 გვ. ;
_b1 ფ. პორტრეტი.
_c17 სმ.
653 _aაფეთქებული დუმილი
653 _aლექსები
653 _aპოემა
700 _aმარგიანი, რ.
_eრედაქტორი
_93672
700 _aშეყილაძე, ტ.
_e მხატვარი
_95892
942 _cBK
_2udc